00485nam a2200181Ia 4500003000400000005001700004008004100021020002300062040000700085041000800092082001500100100002700115245007100142260004500213300001800258365001300276650001400289OSt20230516114237.0210423s2012 xx 000 0 und d a978-0-19-8082225-5 cAL aeng a379.2 CHAE aCHATTOPADHYAY (Saumen) aEducation and economics: displinary evolution and policy discourse aNew DelhibOxford University Pressc2012 axviii,334bHB b765cINR aEducation